[Event "Budapest Spring Festival 2019"]
[Site "Budapest"]
[Date "2019.04.10"]
[Round "2.29"]
[White "Turzo, Attila"]
[Black "Timofeev, Artyom"]
[Result "0-1"]
[WhiteElo "2296"]
[BlackElo "2593"]
[Annotator "TA"]
[PlyCount "74"]
[EventDate "2019.04.09"]
[EventType "swiss"]
[EventCountry "HUN"]
[SourceTitle "playchess.com"]
[Source "ChessBase"]
[SourceQuality "1"]

{[%evp 18,74,60,33,47,60,60,29,22,18,35,9,5,-20,-12,-192,-183,-228,-228,-227,-227,-220,-220,-220,-222,-220,-213,-236,-229,-252,-229,-229,-208,-210,-158,-262,-263,-245,-260,-347,-333,-438,-417,-423,-417,-437,-434,-653,-633,-1020,-557,-559,-554,-1195,-1195,-29997,-29998,-29998,-29998]} 1. d4 Nf6 2. c4 g6 3. g3 c5 4. d5 b5 5. cxb5 a6 6. bxa6 d6 7. Nc3 Bg7 8. Bg2 Nbd7 9. Nf3 Bxa6 10. Rb1 Nb6 {A58: Benko/Volga Gambit: Lines with 5 bxa6} (10... O-O 11. O-O Qa5 12. Bd2 Rfb8 13. a4 Qd8 14. b3 Bb7 15. Nh4 Nb6 16. e4 Ba6 17. Re1 Nbd7 18. f4 Bd3 19. Rc1 c4 20. e5 {0-1 (41) Rodshtein,M (2699)-Kislinsky,A (2513) Katowice 2017}) 11. b3 Bb7 {[%cal Rf6d5]} 12. e4 Ba6 {White has an edge.} 13. Bf1 Qc8 14. Bb2 O-O 15. Bxa6 (15. a4 {seems wilder.} Bxf1 16. Kxf1 Qh3+ 17. Kg1 Rfc8 18. Qe2) 15... Qxa6 16. Qe2 $2 (16. Nd2 $11 {and White stays safe.}) 16... Qxe2+ $1 $19 17. Kxe2 {[#]} Nxe4 $1 {[%mdl 576] Deflection} 18. Nxe4 {Hoping for Bxg7.} Rxa2 19. Rhd1 $146 {next Rd2 is good for White.} Rxb2+ ({Inferior is} 19... Bxb2 20. Rd2 $14) 20. Rxb2 Bxb2 21. Rd3 Ra8 22. Ned2 Ra2 23. Ke1 Ra1+ 24. Ke2 Rc1 25. Nf1 Rc2+ 26. N3d2 (26. Kd1 $17 {was forced.} Rc1+ 27. Ke2) 26... Bd4 27. Ne3 Ra2 28. Kf3 f5 29. g4 fxg4+ 30. Kxg4 Nd7 31. Nf3 Rxf2 {...Ne5+ is the strong threat.} 32. Nc4 (32. Nd1 $142 Rf1 33. Kg3) 32... Nf6+ 33. Kg3 Ne4+ 34. Kf4 {[#]} Nc3 $1 35. Kg3 {White wants to play Rxc3!} Ne2+ 36. Kg4 Rg2+ 37. Kh4 Bf6+ {Accuracy: White = 26%, Black = 77%.} 0-1

[Event "Budapest Spring Festival 2019"]
[Site "Budapest"]
[Date "2019.04.10"]
[Round "2.30"]
[White "Bayramov, Zaur"]
[Black "Hakobyan, Aram"]
[Result "0-1"]
[WhiteElo "2301"]
[BlackElo "2554"]
[Annotator "TA"]
[PlyCount "130"]
[EventDate "2019.04.09"]
[EventType "swiss"]
[EventCountry "HUN"]
[SourceTitle "playchess.com"]
[Source "ChessBase"]
[SourceQuality "1"]

{[%evp 16,130,70,57,74,64,94,39,48,42,44,31,38,43,36,15,31,26,28,4,10,-47,-44,-47,-41,-67,-69,-55,-47,-128,-125,-130,-135,-125,-124,-120,-111,-114,-115,-121,-126,-119,-121,-113,-105,-121,-122,-194,-199,-198,-199,-199,-199,-199,-199,-198,-187,-220,-208,-214,-218,-211,-212,-208,-181,-267,-208,-270,-264,-273,-241,-266,-245,-291,-279,-285,-283,-283,-249,-243,-236,-224,-234,-225,-215,-220,-216,-209,-193,-193,-193,-220,-206,-220,-218,-500,-474,-445,-448,-436,-175,-368,-319,-314,-159,-139,-127,-127,-108,-163,-173,-452,-443,-457,-441,-762,-755]} 1. d4 Nf6 2. Nf3 c5 3. d5 g6 4. c4 Bg7 5. Nc3 d6 6. e4 O-O 7. Bd3 Nbd7 8. h3 a6 9. a4 {LiveBook: 7 Games. E90: King's Indian: Classical: Early deviations and 6 h3} b6 10. O-O e5 11. g4 $146 (11. Bg5 $16) ({Predecessor:} 11. a5 bxa5 12. Qa4 Rb8 13. Qxa5 Qe7 14. Rb1 Nh5 15. Bg5 f6 16. Bd2 Nf4 {0-1 (43) Matlakov,M (2728)-Aronian,L (2799) Tbilisi 2017}) 11... h5 12. Bg5 Qe8 13. Nh2 hxg4 14. hxg4 Nh7 {[%cal Bf6h7,Bh7g5,Bg5h3][%mdl 32]} 15. Be3 Qe7 16. Qd2 Qh4 17. f3 Bf6 18. Qf2 (18. Kg2 $1 $11) 18... Qh3 $1 $15 19. Qg2 Ng5 20. Kf2 Qh4+ 21. Ke2 Nh3 22. g5 (22. Rh1 $15 Nf4+ 23. Bxf4 exf4 24. Nf1) 22... Bxg5 $17 23. Bxg5 Nxg5 24. Ng4 {[#] Hoping for Rh1.} Nh3 $1 {[%cal Rh3f4] And now ...Nf4+ would win.} 25. Kd2 {White wants to play Rh1.} Nf4 $36 {[%mdl 2048] Black is on the roll.} 26. Qf2 Qxf2+ 27. Rxf2 Kg7 {[%cal Bg8g7,Bg7f6,Bf6e7][%mdl 32]} 28. Rh2 Nf6 29. Nxf6 Kxf6 30. Bf1 Bd7 31. Kc2 (31. a5 $17) 31... Rh8 $19 32. Rf2 a5 33. Ra3 Rh1 34. Kd2 Ke7 35. Ke3 Kd8 36. Ne2 g5 37. Ng3 Rh4 38. Ra2 Kc7 39. b3 Rah8 40. Rab2 (40. Ra1 {keeps fighting.}) 40... Kd8 41. Rbd2 Ke7 42. Rb2 Kf6 43. Rbd2 Kg6 44. Rb2 g4 45. fxg4 Rxg4 ({Resist} 45... Bxg4 46. Kd2 $17) 46. Rf3 Kg5 47. Rbf2 Rh6 48. Ne2 {[%cal Re2f4]} Rhh4 49. Ng3 Bc8 50. Kd2 Rh6 51. Ne2 f5 52. Ng3 {[#]} Rgh4 $1 53. exf5 Bxf5 54. Ke3 Rh2 55. Ne2 $2 (55. Nxf5 Kxf5 56. Bd3+ Kg5 57. Bc2 (57. Rg3+ Kf6 $17)) 55... Rxf2 56. Rxf2 Nxe2 57. Rxe2 {[%mdl 4096] Endgame KRB-KRB} Bg4 (57... Rh4 $142 58. Kd2 Rd4+ 59. Kc3 Rd3+ 60. Kb2 Rf3) 58. Rd2 $2 (58. Rg2 Rh3+ 59. Ke4) 58... Rh1 59. Rf2 Bd1 ({Better is} 59... Bf5 $19 60. Rf3 Rh4 61. Rg3+ Rg4) 60. Rg2+ $17 Kf6 61. Bd3 Rh6 62. Rg1 (62. Rf2+ $17 Ke7 63. Rg2) 62... Bxb3 $19 63. Rb1 $2 (63. Rf1+ {was forced.} Ke7 64. Rb1 Bxa4 65. Rxb6) 63... Rh3+ {Black is clearly winning.} 64. Kd2 e4 65. Bf1 (65. Bxe4 $142 Bxc4 66. Rxb6) 65... Rg3 {Accuracy: White = 40%, Black = 72%.} 0-1

[Event "Budapest Spring Festival 2019"]
[Site "Budapest"]
[Date "2019.04.10"]
[Round "2.31"]
[White "Losonczi, Marcell"]
[Black "Vetoshko, Volodymyr"]
[Result "1/2-1/2"]
[WhiteElo "2238"]
[BlackElo "2510"]
[Annotator "TA"]
[PlyCount "234"]
[EventDate "2019.04.09"]
[EventType "swiss"]
[EventCountry "HUN"]
[SourceTitle "playchess.com"]
[Source "ChessBase"]
[SourceQuality "1"]

{[%evp 27,233,0,3,-36,-41,-41,-31,-63,-57,-71,-52,-63,-56,-56,-45,-35,-40,-53,-36,-39,-48,-45,-22,-22,-24,-52,-20,-17,0,-6,0,0,0,0,0,0,0,0,0,0,0,0,0,0,0,0,0,0,0,0,0,0,0,0,0,0,0,0,0,0,0,0,0,0,0,0,0,-8,-8,-8,0,0,0,-8,-8,-8,-8,-8,-8,-8,-8,-8,0,-8,0,-12,0,-57,0,0,0,-8,-8,-8,-8,-8,-8,-8,0,-8,-8,-41,-8,-8,-8,-8,-8,-8,-8,-8,-8,-8,-8,-309,-8,-18,-24,-58,-58,-58,-58,-58,-58,-58,-58,-58,-58,-58,-44,-58,-58,-58,-44,-44,-44,-44,-44,-44,-44,-44,-34,-59,-63,-34,-33,-33,-33,-35,0,-30,0,-54,-43,-53,-59,-639,-604,-872,-898,-759,-702,-632,-8,-8,-8,-8,-8,-8,-8,-8,-8,-8,-8,-8,-8,-8,-8,-8,0,-8,-8,-8,0,0,0,0,0,0,0,0,0,0,0,0,0,0,0,0,0,0,0,0,0,0,0,0,0,0]} 1. e4 c5 2. Nf3 e6 3. d4 cxd4 4. Nxd4 Nc6 5. Nb5 d6 6. c4 Nf6 7. N1c3 a6 8. Na3 Be7 9. Be2 O-O 10. Be3 b6 11. O-O Bb7 12. Qb3 Nd7 13. Qc2 Bf6 14. Rfd1 Nc5 15. f3 {B44: Sicilian: Taimanov: 5 Nb5} (15. Rac1 Be5 16. Nab1 f5 17. f4 Bxc3 18. Nxc3 fxe4 19. Qd2 e5 20. fxe5 Nxe5 21. Qxd6 Ncd3 22. Qxd8 Raxd8 23. Bxb6 {½-½ (44) Naiditsch,A (2707)-Navara,D (2705) Sibenik 2011}) 15... Be5 16. f4 Bxc3 $1 17. Qxc3 {Black is slightly better.} Nxe4 18. Qd3 $146 ({Predecessor:} 18. Qb3 Rb8 19. Bxb6 {0-1 (33) Rocha,V (2141)-Shumyatsky,V (2452) Florianopolis 2017}) 18... Ne7 19. Bf3 Nc5 20. Qxd6 Qxd6 21. Rxd6 Bxf3 22. gxf3 Nf5 {[%mdl 64] Double Attack} 23. Bxc5 $1 bxc5 24. Rd2 Rfb8 25. Kf2 Kf8 26. Rad1 Ke7 27. Nb1 Rd8 28. Nc3 Nd6 29. b3 g6 30. Ne4 Nb7 31. Ke3 h6 32. Rxd8 Rxd8 33. Rxd8 Kxd8 $11 {[%mdl 4096] Endgame KN-KN} 34. a3 f5 35. Nd2 a5 36. h4 Kd7 37. Nb1 Nd8 38. Nc3 Nc6 39. Na4 Kd6 40. Nc3 Kd7 41. Na4 Kd6 42. Nc3 Nd8 43. Ne2 Nf7 44. Nc1 Nd8 45. Na2 Nf7 46. Nc1 e5 47. Nd3 exf4+ 48. Nxf4 Ne5 49. Nd5 Nc6 50. Nc3 g5 51. hxg5 hxg5 52. Ne2 Ke6 53. f4 g4 54. Kd3 Kf6 55. Ng3 Nd8 56. Ne2 Ne6 57. Ke3 ({White should try} 57. Kc3 $11) 57... Kg6 (57... Ng7 $15) 58. Kd3 $1 Kh6 59. Ke3 Kh5 60. Ng3+ Kg6 61. Ne2 Kf7 62. Kd3 Ke7 63. Ke3 Ng7 64. Ng3 Ke6 (64... a4 $5 65. bxa4 Kd6 $11) 65. Kd3 Ne8 66. Kc3 Nd6 {White must now prevent ...Ne4+.} 67. Kd3 Kf6 68. Ke3 Kf7 69. Kd3 Ke6 70. Ke3 $2 {[%mdl 8192] [#]} (70. Nf1 $11 {and White is okay.}) 70... Kd7 $2 (70... a4 $1 $19 {[%cal Ra4b3][%mdl 512]} 71. bxa4 Nxc4+ {[%mdl 64] Double Attack} 72. Kd3 Nd6) 71. Kd3 Kc6 72. a4 Kd7 73. Ke3 Ke6 74. Kd3 Kf6 75. Ke3 Kg6 76. Kd3 $1 Nf7 77. Ke3 Nd8 78. Kd3 Nc6 79. Ne2 Kf7 80. Ke3 Nb4 81. Kd2 Kg6 82. Ng3 Nc6 83. Kd3 $1 Nd4 84. b4 $1 axb4 {And now ...Nc6 would win.} 85. a5 Ne6 86. Ne2 $1 Nc7 87. Ng3 Ne6 88. Ne2 $1 Nc7 89. Ng3 Kf6 90. Kd2 Ke6 91. Kd3 $2 {[%mdl 8192]} (91. Ke3 $15) 91... Kd7 $1 $19 92. Nxf5 {[#]} Ne6 $1 {[%cal Re6f4]} 93. a6 Kc7 94. Ne3 {[#]} Nxf4+ $2 ({Better is} 94... g3 $1 $19 95. Ng2 Nd4) 95. Ke4 $11 {The position is equal.} Ne6 {Threatens to win with ...g3.} 96. Nxg4 Kb6 97. Nf2 Nc7 98. Kd3 Nxa6 ({Don't do} 98... Kxa6 99. Kc2 $17) 99. Kc2 Nb8 100. Nd3 Nc6 {White should prevent ...Na5.} 101. Kb3 Na5+ 102. Ka4 $1 Nc6 {Threatening ...Nd8.} 103. Kb3 Nd4+ 104. Ka4 b3 105. Ka3 Kc6 106. Nc1 Kd6 (106... b2 {keeps more tension.} 107. Kxb2 Kd6 108. Nb3 Nxb3 109. Kxb3 Kc6) 107. Nxb3 Nxb3 108. Kxb3 {KP-KP} Ke5 109. Kc3 Ke4 110. Kc2 Kd4 111. Kd2 Kxc4 {KP-K} 112. Kc2 $1 Kd4 113. Kd2 c4 {[%cal Bc5c4,Bc4c3,Bc3c2][%mdl 32]} 114. Kc2 c3 115. Kc1 $1 Kd3 {( -> ...c2)} 116. Kd1 c2+ 117. Kc1 Kc3 {Accuracy: White = 76%, Black = 61%.} 1/2-1/2

[Event "Budapest Spring Festival 2019"]
[Site "Budapest"]
[Date "2019.04.10"]
[Round "2.32"]
[White "Galyas, Miklos"]
[Black "Lyell, Mark"]
[Result "1-0"]
[WhiteElo "2490"]
[BlackElo "2298"]
[Annotator "TA"]
[PlyCount "121"]
[EventDate "2019.04.09"]
[EventType "swiss"]
[EventCountry "HUN"]
[SourceTitle "playchess.com"]
[Source "ChessBase"]
[SourceQuality "1"]

{[%evp 9,121,23,31,24,38,36,31,23,61,41,74,82,75,80,83,87,83,77,106,79,80,80,80,80,80,83,98,80,99,80,89,80,87,80,82,0,94,81,81,72,81,81,81,81,116,102,104,104,112,105,126,103,178,179,179,169,193,166,191,191,191,179,191,177,170,190,156,175,194,159,172,161,162,48,47,0,87,87,87,91,141,127,118,60,254,252,268,276,268,265,254,245,191,130,371,440,511,406,1416,1587,1375,1646,2574,2368,2325,1877,6946,6311,6243,6223,6079,5910,1904,1690]} 1. Nf3 f5 2. d3 Nc6 3. d4 (3. e4 e5 4. Nc3 Bb4 5. exf5 d5 6. d4 e4 7. Bg5 Be7 8. Bxe7 Ngxe7 9. Nh4 Bxf5 10. Qh5+ g6 11. Qh6 Qd6 12. Bb5 {½-½ (30) Malakhov,V (2654)-Ivanchuk,V (2714) Zagreb 2018}) 3... e6 4. g3 Nf6 5. Bg2 d5 6. O-O {A04: Unusual lines after 1 Nf3 and King's Indian Attack} Bd6 7. c4 O-O 8. Nc3 {White is slightly better.} Ne4 $146 ({Predecessor:} 8... dxc4 9. Qa4 Nb4 10. Ne5 {½-½ (51) Lorparizangeneh,S (2508)-Saurabh,K (2222) Bangkog 2018}) 9. cxd5 Nxc3 10. bxc3 exd5 11. Qb3 Ne7 12. c4 {c5 is the strong threat.} c6 13. Ne5 {[%cal Rc4d5]} Qb6 14. Ba3 (14. Bf4 {is more complex.} Bxe5 15. Bxe5 Rf7 16. e3 dxc4 17. Qxc4 Nd5 18. Rfb1) 14... Qxb3 15. axb3 Bxa3 16. Rxa3 Be6 17. e3 Rfd8 18. Rc1 Nc8 19. Nd3 {Black must now prevent Nc5.} Bf7 20. Bh3 Nd6 {[%cal Rd5c4]} 21. Ne5 Be6 22. Bg2 (22. Bf1 $16) 22... Ne8 (22... Nc8 $1 $11 {remains equal.}) 23. Ra5 Nf6 24. Nd3 Bf7 25. h4 a6 26. Nf4 Rd7 27. cxd5 Nxd5 28. Nxd5 Bxd5 29. Bxd5+ cxd5 $16 {[%mdl 4096] Endgame KRR-KRR} 30. b4 Re8 (30... h6 $16) 31. b5 $18 axb5 32. Rxb5 Kf7 33. Rcc5 Ke6 34. Rb6+ Kf7 35. Kg2 Re6 36. Rcb5 Rxb6 37. Rxb6 {KR-KR} Ke7 38. Kf3 $1 Kd8 39. Kf4 Kc7 40. Rb2 g6 41. Rc2+ (41. Ke5 $1 $18) 41... Kd6 $1 $14 42. Rb2 Kc6 (42... Kc7 $1 $11) 43. Ke5 $16 b5 44. h5 $1 Kb6 45. Ke6 Rd8 46. Ke7 ({Better is} 46. hxg6 $16 hxg6 47. Ke7) 46... Rc8 $2 (46... Rb8 $1 $14) 47. hxg6 $1 $18 hxg6 {[#]} 48. Kf6 $1 Ka5 49. Kxg6 Rf8 {[#]} 50. Kg7 $1 {[%cal Rg7f8]} Rb8 51. Kf6 Ka4 $2 (51... b4 $16) 52. Kxf5 Ka3 53. Rb1 Ka2 (53... b4 $142 54. f4 b3) 54. Rf1 {White is clearly winning.} b4 55. g4 b3 56. g5 b2 57. g6 b1=Q+ 58. Rxb1 Kxb1 59. g7 Kc2 60. Kg6 Kd3 61. f4 {Accuracy: White = 79%, Black = 44%.} 1-0

[Event "Budapest Spring Festival 2019"]
[Site "Budapest"]
[Date "2019.04.10"]
[Round "2.33"]
[White "Torma, Robert"]
[Black "Gyurkovics, Bence"]
[Result "1/2-1/2"]
[WhiteElo "2463"]
[BlackElo "2261"]
[Annotator "TA"]
[PlyCount "207"]
[EventDate "2019.04.09"]
[EventType "swiss"]
[EventCountry "HUN"]
[SourceTitle "playchess.com"]
[Source "ChessBase"]
[SourceQuality "1"]

{[%evp 13,207,10,14,16,20,22,14,12,6,17,51,62,87,68,66,61,89,89,88,81,86,75,72,67,71,73,84,73,62,18,62,46,53,41,41,41,39,39,60,39,108,108,108,108,108,0,103,0,101,95,108,108,141,140,157,160,182,120,255,255,229,222,225,243,195,158,158,158,158,132,122,116,258,257,287,279,262,241,332,202,229,210,206,202,234,205,249,249,258,266,392,416,384,412,422,390,422,424,413,405,940,423,417,408,410,364,355,301,355,355,355,355,355,355,322,313,298,29,16,0,255,48,368,339,335,347,285,91,91,8,13,13,8,0,13,13,13,0,0,0,8,8,13,0,0,0,0,0,0,0,0,0,0,0,13,0,0,0,0,0,0,0,0,0,0,0,0,0,0,0,0,0,0,0,0,0,0,0,0,0,0,0,0,0,0,0,0,0,0,0,0,0,13,13,8,0]} 1. d4 Nf6 2. c4 e6 3. g3 d5 4. Nf3 Be7 5. Bg2 O-O 6. Nc3 dxc4 7. Ne5 Nc6 8. Bxc6 {E06: Closed Catalan: Early deviations} bxc6 9. Nxc6 Qe8 10. Nxe7+ Qxe7 11. Qa4 Bb7 (11... c5 12. dxc5 Qxc5 13. Be3 Qc7 14. O-O-O Ng4 15. Rd2 Nxe3 16. fxe3 Rb8 17. Rhd1 a5 18. Kb1 h6 19. Ka1 Rb4 {1-0 (49) Caruana,F (2822)-Nakamura,H (2777) Saint Louis 2018}) 12. O-O e5 13. Qxc4 exd4 14. Qxd4 Qe6 {[#]} 15. f3 $146 ({Predecessor:} 15. Bg5 Nd5 16. Nxd5 Bxd5 {1-0 (34) Riazantsev,A (2708)-Sargissian,G (2671) Khanty-Mansiysk 2013}) 15... Rfd8 16. Qf2 Nd5 17. Nxd5 Bxd5 18. b3 f5 19. Bb2 a5 20. Rac1 c6 21. Rce1 {Hoping for e4!} (21. Rfd1 {is interesting.} a4 22. Qd4 Qe7 23. bxa4 Rd7 24. e4) 21... Qf7 22. e4 fxe4 23. fxe4 Qxf2+ 24. Rxf2 Be6 25. Rc2 Ra6 26. Be5 Re8 (26... a4 $14) 27. Bd6 $36 {[%mdl 2048] White has strong initiative.} Bd5 28. Rce2 Be6 29. Rc2 Bd5 $1 30. Rce2 Be6 $1 31. e5 a4 32. b4 Ra7 33. a3 Rf7 34. Rf2 Bc4 35. Rc1 (35. Rc2 $18 Bb5 36. e6) 35... Rxf2 (35... Bb5 $16 36. Rcc2 h6) 36. Kxf2 {[%mdl 4096] Endgame KRB-KRB} Bb5 37. Ke3 Kf7 38. Kd4 $1 Ke6 39. Rc3 Rd8 40. Rf3 Be2 41. Rf2 Bb5 42. Kc5 Re8 (42... h5 $16 43. Rf4 Re8) 43. Kb6 $18 Rd8 44. Rc2 Kd7 45. Rc5 Ra8 46. g4 Rc8 47. Rc3 Re8 48. Rf3 Bc4 49. Kc5 Bb3 50. Rc3 Rc8 51. Kb6 g6 (51... Be6 $142 52. Rc5 Bxg4) 52. g5 Bd5 53. Rc5 Bb3 54. Ra5 Ke6 55. Kb7 Kd7 56. Ra7 Bc2 {[#]} (56... Bd5 $142 57. Kb6+ (57. Rxa4 c5+ 58. Kb6 Rc6+ 59. Ka5 c4 $16) 57... Ke6 58. Rxa4 c5 59. bxc5 Rc6+ 60. Kb5 Rc8) 57. Kb6+ (57. e6+ $142 $1 {[%mdl 512]} Kxe6 58. Kxc8 Kxd6 59. Rxh7 Bf5+ 60. Kd8) 57... Ke6 58. Rxh7 Kd5 59. Bc7 Bf5 60. Rf7 Re8 61. h4 Rh8 62. Rf6 Rxh4 63. Rxc6 Rh3 64. Rd6+ Kc4 65. Kc6 $2 ({White should try} 65. e6 $18 Re3 66. Rc6+ Kb3 67. Bd6 Bxe6 68. b5) 65... Rxa3 $11 66. Rd1 Rb3 $2 {[%mdl 8192]} (66... Rc3 $11 {and Black has nothing to worry.} 67. Re1 Kxb4+ 68. Kb6 Be6 69. Bd6+ Kb3) 67. Rc1+ $1 $18 Kxb4 $2 {[%mdl 8192]} (67... Rc3 $1 $14 68. Rxc3+ Kxc3) 68. Bd6+ Ka5 69. Rc5+ Ka6 {[#]} 70. Rc4 $2 (70. e6 $1 $18 {[%mdl 512] is the precise move to win.} Rb6+ (70... Bxe6 71. Bc7) 71. Kd7 (71. Kd5 Rb1 $16)) 70... Rb6+ $16 71. Kc5 (71. Kd5 $16) 71... Rb5+ {The position is equal.} 72. Kd4 Rb1 73. Rxa4+ Kb7 74. Bc5 Rd1+ 75. Kc3 Kc6 {And now ...Kb5 would win.} 76. Ba3 Rd5 77. Bd6 Rd1 78. Ra6+ Kd5 79. Ra5+ Ke6 80. Bb8 Rc1+ 81. Kd4 Rd1+ 82. Ke3 Rd3+ 83. Ke2 Rd5 84. Ra6+ Kf7 {Threatens to win with ...Bd3+.} 85. Rf6+ Ke8 86. Bd6 Rd4 87. Kf2 Re4 88. Kf3 Kd7 89. Rf7+ Ke6 90. Re7+ Kd5 91. Ra7 Ke6 92. Ra6 Kd5 93. Bb8 Bg4+ 94. Kg3 Bf5 95. Rd6+ Kc5 96. Ra6 Kd5 97. Bc7 Re3+ 98. Kf2 Re4 99. Rd6+ Kc5 100. Rd2 Kc6 101. Bb8 Kc5 102. Kf3 Kc6 103. Bd6 Kd7 104. Bb8+ {Accuracy: White = 69%, Black = 45%.} 1/2-1/2

[Event "Budapest Spring Festival 2019"]
[Site "Budapest"]
[Date "2019.04.10"]
[Round "2.34"]
[White "Havanecz, Bianka"]
[Black "Ankit, R. Rajpara"]
[Result "0-1"]
[WhiteElo "2265"]
[BlackElo "2462"]
[Annotator "TA"]
[PlyCount "94"]
[EventDate "2019.04.09"]
[EventType "swiss"]
[EventCountry "HUN"]
[SourceTitle "playchess.com"]
[Source "ChessBase"]
[SourceQuality "1"]

{[%evp 25,94,0,0,-7,8,9,10,-10,-12,-42,-6,-84,-64,-138,-74,-90,-40,-66,-54,-68,-59,-95,0,-23,0,0,0,-78,22,0,0,-137,-125,-123,-129,-133,-132,-305,-288,-287,-287,-285,-299,-312,-296,-735,-491,-798,-568,-558,-566,-561,-563,-658,-554,-518,-531,-756,-745,-726,-708,-6306,-6299,-6187,-5389,-29985,-29986,-29988,-29989,-29989,-29990]} 1. Nf3 Nf6 2. g3 d5 3. Bg2 e6 4. d4 Be7 5. O-O O-O 6. c4 c6 7. Qc2 b6 8. Nbd2 Bb7 9. e4 Na6 {[%cal Bb8a6,Ba6b4,Bb4c6,Bc6a5,Ba5c4][%mdl 32]} 10. e5 Nd7 11. cxd5 {E06: Closed Catalan: Early deviations} (11. a3 c5 12. dxc5 Naxc5 13. b4 Ne4 14. Bb2 Nxd2 15. Nxd2 Qc7 16. Rfc1 Rac8 17. Qa4 Bc6 18. Qb3 d4 19. Bxc6 Qxc6 20. Bxd4 {1-0 (53) Gledura,B (2621)-Lenderman,A (2626) Saint Louis 2018}) 11... Nb4 12. Qb3 cxd5 13. a3 Nc6 {LiveBook: 3 Games} 14. Re1 Rc8 15. Nf1 Na5 $146 ({Predecessor:} 15... a5 16. h4 Ba6 17. h5 b5 {0-1 (37) Thorhallsson,S (2074)-Sawlin,L (2364) Mamaia 2017}) 16. Qe3 Qc7 17. N3d2 Ba6 18. g4 (18. b4 $11 {keeps the balance.} Nc4 19. Nxc4 Qxc4 20. Bd2) 18... Qc2 19. Qf4 ({White should try} 19. h4 $15) 19... Qg6 (19... h6 $142 20. Qe3 Rc7) 20. b4 Nc4 21. Nf3 f6 22. Qg3 fxe5 23. dxe5 Qd3 (23... Bb7 $1 $17 24. Nd4 a5) 24. Bf4 Rf7 ({Wrong is} 24... Nxa3 $2 25. Re3 $18) 25. Rad1 Qg6 {Strongly threatening ...Nb2.} 26. Nd4 {[#]} (26. Bc1 $11) 26... Bb7 (26... Nb2 $1 $17 {[%cal Rb2d1]} 27. Ne3 Nxd1 28. Rxd1 Nf8) 27. Bc1 Ncxe5 $1 28. Rxe5 (28. h3 $11) 28... Nxe5 $17 29. Qxe5 {[#]} Bf6 $1 {[%cal Rf6e5]} (29... Qxg4 $6 30. Ne3 $11) 30. Qe3 e5 $36 {[%mdl 2048] Black is in control.} 31. Nb5 $2 (31. Ne2 $17) 31... d4 $19 ({But not} 31... Qxg4 32. Qf3 $19) 32. Qg3 Bxg2 33. Qxg2 {Threatens to win with Nd6.} Bh4 34. Ng3 {Nf5 would now be nice for White.} Bxg3 35. Qxg3 $2 (35. hxg3 a6 36. Nxd4 exd4 37. Bf4) 35... a6 {Hoping for ...Qb1.} 36. h3 (36. Nxd4 $142 exd4 37. Bd2) 36... Qc2 37. Rf1 {aiming for Nd6.} axb5 38. Qxe5 d3 39. Be3 Qe2 40. Qxb5 h6 41. a4 Rf3 {White must now prevent ...Rg3+!} 42. Qd5+ Kh8 43. Qd7 Rcf8 {( -> ...Rg3+!)} 44. Bd4 R8f7 45. Qc8+ Kh7 {Black mates.} 46. g5 {[#]} Rg3+ $1 {[%mdl 512]} 47. Kh2 (47. fxg3 Rxf1#) 47... Qxf1 {Precision: White = 31%, Black = 59%.} 0-1

[Event "Budapest Spring Festival 2019"]
[Site "Budapest"]
[Date "2019.04.10"]
[Round "2.35"]
[White "Gorodetzky, David"]
[Black "Bodi, Tibor"]
[Result "1-0"]
[WhiteElo "2461"]
[BlackElo "2240"]
[Annotator "TA"]
[PlyCount "65"]
[EventDate "2019.04.09"]
[EventType "swiss"]
[EventCountry "HUN"]
[SourceTitle "playchess.com"]
[Source "ChessBase"]
[SourceQuality "1"]

{[%evp 9,65,45,63,50,51,46,47,39,66,54,64,43,49,58,58,47,57,35,25,31,35,22,42,44,103,76,135,148,142,140,153,135,146,137,231,228,280,278,259,213,345,345,345,345,341,341,324,315,354,346,402,244,347,337,819,822,771,735]} 1. e4 d5 2. exd5 Qxd5 3. Nc3 Qd8 4. d4 Nf6 5. Nf3 g6 6. Be2 {B01: Scandinavian Defence} Bg7 7. O-O O-O 8. Bf4 {White is slightly better.} (8. h3 Nc6 9. Be3 b6 10. Qd2 Bb7 11. Rad1 e6 12. Bh6 Ne7 13. Bxg7 Kxg7 {½-½ (23) Giri,A (2783)-Nakamura,H (2746) St Petersburg 2018}) 8... Nbd7 9. Qd2 Nb6 10. Rad1 c6 11. h3 Bf5 12. Rfe1 $36 {[%mdl 2048] White has the initiative.} Rc8 $146 13. Bd3 Bxd3 14. Qxd3 Nbd5 15. Bg5 Qb6 16. Na4 Qa5 (16... Qb5 $14 17. Nc5 Qxd3 18. Rxd3 (18. Nxd3 Rfe8 $14) 18... b6) 17. Nc5 Qc7 ({Better is} 17... b6) 18. c4 $16 Nb6 19. Ne5 e6 20. Bf4 {And now Nxg6 would win.} Qe7 21. Qb3 Rfd8 {[#]} (21... Rcd8 $16 22. a4 Rxd4 {[%mdl 64] Remove Defender} 23. Rxd4 Qxc5) 22. a4 $1 $18 Rxd4 23. Rxd4 Qxc5 24. Red1 Ne8 (24... Rf8 $142) 25. Nd7 Qxd4 26. Rxd4 Bxd4 27. Nxb6 axb6 28. Be3 Bxe3 29. fxe3 (29. Qxe3 c5 $16) 29... b5 30. axb5 cxb5 (30... Rc7 {keeps fighting.} 31. e4 cxb5) 31. Qxb5 ({Not} 31. cxb5 Kg7 $16) 31... Nd6 $2 (31... Nf6 32. b3 Rc7) 32. Qd7 Rc6 {[#]} 33. c5 $1 {[%mdl 512] Accuracy: White = 67%, Black = 44%.} 1-0